| 000 | 01173nam0a22002771 4500 | ||
|---|---|---|---|
| 001 | rc\2812806 | ||
| 005 | 20260407090429.0 | ||
| 035 | _a(NLR Aleph) 006938625 | ||
| 090 |
_a7622255 _c7622255 |
||
| 100 | _a20110915d1944 u y0rusy50 ca | ||
| 101 | 0 | _arus | |
| 102 | _aRU | ||
| 105 | _ay c ||||| | ||
| 200 | 1 |
_aСоветская женщина в Великой Отечественной войне _eАннот. указатель лит-ры _fСоставители: П. Б. Захаревич, К. В. Бучинская _gГос. б-ка СССР им. В. И. Ленина |
|
| 210 |
_aМосква _cБ. и. _d1944 |
||
| 215 |
_a36 с. _d16 см. |
||
| 700 | 1 |
_aЗахаревич _bП.Б. _f1899- _gПолина Борисовна |
|
| 701 | 1 |
_aБучинская _bК.В. _gКлавдия Васильевна |
|
| 712 | 0 | 2 |
_aГосударственная библиотека СССР им. В. И. Ленина _3RU\NLR\AUTH\8814673 _9302659 |
| 801 | 0 |
_aRU _bNLR _gpsbo |
|
| 801 | 1 |
_aRU _bELAR _2rusmarc |
|
| 852 |
_aNLR _jС453-410/З-38 |
||
| 942 | _cBOOK | ||
| 945 | _aРоссийская национальная библиотека | ||
| 980 | _aNB | ||
| 980 | _aBV | ||